000 00445nam a2200145Ia 4500
008 100122s9999 xx 000 0 und d
082 _b71338
_a641.5
100 _aशेट्ये स्वप्नाली
245 _aसॅलड्स क क्र- 8/1
260 _bऔदुंबर
_c2001
300 _a83
630 _aसॅलड्स क क्र- 8/1
730 _aसॅलड्स क क्र- 8/1
942 _cBOOK
999 _c441964
_d441961